| 000 | 00488cam a2200205ua 4500 | ||
|---|---|---|---|
| 001 | 4 | ||
| 008 | 190725n ii |||gr||||Z||||||asm | ||
| 020 | _a81-7339-185-8 | ||
| 040 | _cMAIN | ||
| 041 | _aasm | ||
| 082 | _a891.4511 | ||
| 100 | _aHazarika, Karabi Deka, | ||
| 245 |
_aAsamiya kabita _cBy Karabi Deka Hazarika |
||
| 250 | _a3rd. | ||
| 260 |
_aDibrugarh: _bbanalata, _c2006. |
||
| 300 |
_a246 p.: _c20 cm. |
||
| 653 | _aAssamese literature | ||
| 653 | _aAssamese poetry | ||
| 942 | _cBK | ||
| 999 |
_c3 _d3 |
||